[Event "Scarborough CC Spring Into Summer U2000"]
[Site "Toronto CAN"]
[Date "2011.06.30"]
[Round "9"]
[White "Ugodnikov, Arkadiy"]
[Black "Paterson, Jim"]
[Result "1/2-1/2"]
[WhiteElo "1842"]
[BlackElo "1793"]
[PlyCount "49"]
[GameId "2160767909770557"]
[EventDate "2011.04.28"]
[EventType "swiss"]
[EventRounds "9"]
[EventCountry "CAN"]
[SourceTitle "EXT 2022"]
[Source "ChessBase"]
[SourceDate "2021.10.06"]
[SourceVersion "1"]
[SourceVersionDate "2021.10.06"]
[SourceQuality "1"]

1. e4 e5 2. Nf3 Nf6 3. Nxe5 d6 4. Nf3 Nxe4 5. d4 d5 6. Bd3 Nc6 7. O-O Be7 8. Re1 Nf6 9. c3 Bg4 10. Bg5 O-O 11. Nbd2 Qd6 12. Qc2 h6 13. Bh4 Nh5 14. Bxe7 Nxe7 15. Ne5 Be6 16. Re3 Rae8 17. Rae1 Nf4 18. Bf1 Nfg6 19. Nxg6 Nxg6 20. g3 Bd7 21. Nf3 Rxe3 22. Rxe3 Re8 23. Rxe8+ Bxe8 24. Qe2 Bd7 25. Qe3 1/2-1/2

[Event "Scarborough CC Spring Into Summer U2000"]
[Site "Toronto CAN"]
[Date "2011.06.30"]
[Round "9"]
[White "Xie, Peter"]
[Black "Radpey, Abdolreza"]
[Result "1-0"]
[WhiteElo "1693"]
[BlackElo "1710"]
[PlyCount "132"]
[GameId "2160767909770558"]
[EventDate "2011.04.28"]
[EventType "swiss"]
[EventRounds "9"]
[EventCountry "CAN"]
[SourceTitle "EXT 2022"]
[Source "ChessBase"]
[SourceDate "2021.10.06"]
[SourceVersion "1"]
[SourceVersionDate "2021.10.06"]
[SourceQuality "1"]

1. e4 c5 2. Nc3 Nc6 3. g3 e5 4. Bg2 Nf6 5. Nge2 d6 6. O-O h6 7. f4 Bg4 8. f5 Qb6 9. h3 Bxe2 10. Nxe2 Nd4 11. c3 Nxe2+ 12. Qxe2 O-O-O 13. d3 Be7 14. Be3 g6 15. a4 Nh5 16. Kh2 Bg5 17. Bg1 Qc7 18. b4 Qe7 19. Qg4 Nf6 20. Qd1 h5 21. h4 Ng4+ 22. Kh3 Be3 23. Qe2 Bxg1 24. Rxg1 g5 25. d4 gxh4 26. gxh4 Rdg8 27. Bf3 exd4 28. cxd4 cxd4 29. Qc4+ Kb8 30. Qxd4 Qe5 31. Qd2 Nf6 32. Rad1 Rxg1 33. Rxg1 Rg8 34. Rxg8+ Nxg8 35. Bxh5 Nf6 36. Bf3 Kc7 37. Qd3 Nd7 38. Qc4+ Kd8 39. Qxf7 Qf4 40. Qg8+ Kc7 41. Qc4+ Kd8 42. Qg8+ Kc7 43. Qg3 Qe3 44. Bg2 Qd4 45. Qe1 Qd3+ 46. Kh2 Ne5 47. h5 Ng4+ 48. Kh1 Qd4 49. h6 Nf2+ 50. Kh2 Ng4+ 51. Kg3 Nxh6 52. Qc1+ Kb6 53. a5+ Kb5 54. Qxh6 Qxb4 55. f6 Kxa5 56. Qh5+ Ka4 57. f7 Qc3+ 58. Kh2 Qg7 59. Qd1+ Kb5 60. Qd5+ Ka4 61. Kg1 b5 62. Kf2 Qf8 63. Bf3 Kb4 64. Be2 Qb8 65. Qxb5+ Qxb5 66. Bxb5 Kxb5 1-0

[Event "Scarborough CC-ch"]
[Site "Toronto CAN"]
[Date "2011.02.24"]
[Round "1"]
[White "Manalo, Pepin"]
[Black "Casareno, Erwin"]
[Result "0-1"]
[WhiteElo "1762"]
[BlackElo "2165"]
[PlyCount "115"]
[GameId "2160767909795822"]
[EventDate "2011.02.24"]
[EventType "tourn"]
[EventRounds "9"]
[EventCountry "CAN"]
[SourceTitle "EXT 2022"]
[Source "ChessBase"]
[SourceDate "2021.10.06"]
[SourceVersion "1"]
[SourceVersionDate "2021.10.06"]
[SourceQuality "1"]

1. d4 c5 2. Nf3 cxd4 3. Nxd4 d5 4. g3 e5 5. Nb3 Nc6 6. Bg2 Be6 7. O-O f5 8. e3 Nf6 9. N1d2 Be7 10. Qe2 Qc7 11. Nf3 Ne4 12. c3 O-O 13. Nfd2 Nd6 14. Nc5 Bf7 15. b4 e4 16. Bb2 Bf6 17. Ndb3 b6 18. Na6 Qc8 19. b5 Ne5 20. Nd4 Nec4 21. a4 Qd7 22. Nb4 Rac8 23. Nbc6 a6 24. Bh3 g6 25. Ba3 axb5 26. Bxd6 Qxd6 27. axb5 Ra8 28. Ra6 Rxa6 29. bxa6 Bxd4 30. Nxd4 Qa3 31. Rb1 Qxa6 32. g4 fxg4 33. Bxg4 Qa3 34. Rb3 Qd6 35. Nb5 Qf6 36. Rb1 Qg5 37. Kh1 Ne5 38. Rg1 Qh4 39. f4 Nd3 40. Rf1 h5 41. Bd7 Rd8 42. Bc6 Be6 43. Qg2 Kh7 44. Nd4 Bh3 45. Qg1 Bxf1 46. Qxf1 Nf2+ 47. Kg2 Ng4 48. Qg1 Rc8 49. h3 Nf6 50. Qa1 Rg8 51. Qa7+ Rg7 52. Qxb6 Qe1 53. Ne6 Qe2+ 54. Kg1 Re7 55. Ng5+ Kg7 56. Qd4 Qd3 57. Ne6+ Kh6 58. f5 0-1

[Event "Scarborough CC-ch"]
[Site "Toronto CAN"]
[Date "2011.02.24"]
[Round "1"]
[White "Pedersen, Rune"]
[Black "Nasirov, Ilyas"]
[Result "1-0"]
[WhiteElo "2303"]
[BlackElo "2142"]
[PlyCount "59"]
[GameId "2160767909795823"]
[EventDate "2011.02.24"]
[EventType "tourn"]
[EventRounds "9"]
[EventCountry "CAN"]
[SourceTitle "EXT 2022"]
[Source "ChessBase"]
[SourceDate "2021.10.06"]
[SourceVersion "1"]
[SourceVersionDate "2021.10.06"]
[SourceQuality "1"]

1. e4 e6 2. d4 d5 3. exd5 exd5 4. c4 Nf6 5. Nc3 c6 6. Bd3 Be7 7. Nge2 O-O 8. O-O dxc4 9. Bxc4 Bf5 10. Ng3 Bg6 11. f4 b5 12. Bb3 b4 13. f5 bxc3 14. fxg6 hxg6 15. bxc3 Bd6 16. Qd3 Kh7 17. Bg5 Nbd7 18. Ne4 Be7 19. Qh3+ Kg8 20. Qh4 Re8 21. Bxf6 gxf6 22. Bxf7+ Kg7 23. Bxe8 Qxe8 24. Rae1 Qd8 25. Qg4 Nf8 26. Ng3 Kf7 27. h4 f5 28. h5 Bf6 29. hxg6+ Nxg6 30. Qxf5 1-0

[Event "Scarborough CC-ch"]
[Site "Toronto CAN"]
[Date "2011.03.03"]
[Round "2"]
[White "Hall, John2"]
[Black "Manalo, Pepin"]
[Result "1-0"]
[WhiteElo "2200"]
[BlackElo "1762"]
[PlyCount "51"]
[GameId "2160767909795824"]
[EventDate "2011.02.24"]
[EventType "tourn"]
[EventRounds "9"]
[EventCountry "CAN"]
[SourceTitle "EXT 2022"]
[Source "ChessBase"]
[SourceDate "2021.10.06"]
[SourceVersion "1"]
[SourceVersionDate "2021.10.06"]
[SourceQuality "1"]

1. d4 Nf6 2. c4 e6 3. g3 d5 4. Bg2 Be7 5. Nf3 O-O 6. O-O dxc4 7. Ne5 c6 8. Nxc4 Na6 9. e4 c5 10. d5 exd5 11. exd5 Ne8 12. Nc3 Nd6 13. Nxd6 Bxd6 14. Re1 c4 15. Ne4 Bb4 16. Bd2 Bf5 17. Rc1 Rc8 18. a3 Bxd2 19. Qxd2 b5 20. Qf4 Qd7 21. Nd6 Bg6 22. Nxc8 Rxc8 23. Qh4 Rc7 24. d6 Rc5 25. Qe7 Bf5 26. Qe8+ 1-0

[Event "Scarborough CC-ch"]
[Site "Toronto CAN"]
[Date "2011.03.03"]
[Round "2"]
[White "Picana, Andrew"]
[Black "Southam, David"]
[Result "0-1"]
[WhiteElo "2182"]
[BlackElo "2102"]
[PlyCount "94"]
[GameId "2160767909795826"]
[EventDate "2011.02.24"]
[EventType "tourn"]
[EventRounds "9"]
[EventCountry "CAN"]
[SourceTitle "EXT 2022"]
[Source "ChessBase"]
[SourceDate "2021.10.06"]
[SourceVersion "1"]
[SourceVersionDate "2021.10.06"]
[SourceQuality "1"]

1. c4 g6 2. Nc3 Bg7 3. g3 e5 4. Bg2 d6 5. e3 f5 6. Nge2 Nf6 7. d4 e4 8. Qa4+ c6 9. Nf4 g5 10. Nfe2 O-O 11. Qc2 d5 12. b3 Be6 13. O-O Qe7 14. a4 Qf7 15. c5 Qh5 16. Re1 Ng4 17. h3 Nf6 18. b4 Nbd7 19. b5 Rf7 20. bxc6 bxc6 21. Ba3 Nf8 22. Nc1 f4 23. exf4 Bxh3 24. Qe2 Ng4 25. Bxe4 Bxd4 26. Nd3 Bxc3 27. Bf3 gxf4 28. Nxf4 Rxf4 29. gxf4 Qg6 30. Kh1 Qh6 31. Kg1 Qxf4 32. Bxg4 Bxg4 33. Qe3 Qxe3 34. fxe3 Bxa1 35. Rxa1 Rb8 36. Kf2 Ng6 37. Kg3 h5 38. Bc1 Rb3 39. Bd2 d4 40. Re1 Ne5 41. Kf4 Nd3+ 42. Ke4 Nxe1 43. exd4 Bf3+ 44. Kf4 Nc2 45. Ke5 Rd3 46. Ba5 Rxd4 47. Bc7 Rxa4 0-1

[Event "Scarborough CC-ch"]
[Site "Toronto CAN"]
[Date "2011.04.28"]
[Round "2"]
[White "Casareno, Erwin"]
[Black "Moffat, Andrei"]
[Result "1/2-1/2"]
[WhiteElo "2164"]
[BlackElo "2220"]
[PlyCount "56"]
[GameId "2160767909795827"]
[EventDate "2011.02.24"]
[EventType "tourn"]
[EventRounds "9"]
[EventCountry "CAN"]
[SourceTitle "EXT 2022"]
[Source "ChessBase"]
[SourceDate "2021.10.06"]
[SourceVersion "1"]
[SourceVersionDate "2021.10.06"]
[SourceQuality "1"]

1. d4 d5 2. c4 e6 3. Nf3 Nf6 4. Nc3 Be7 5. e3 O-O 6. Bd3 c5 7. O-O Nc6 8. a3 b6 9. b3 Bb7 10. Bb2 cxd4 11. exd4 Rc8 12. cxd5 Nxd5 13. Rc1 Nf4 14. Be4 f5 15. Bb1 Nxg2 16. d5 Nf4 17. Re1 exd5 18. Nb5 d4 19. Nbxd4 Nxd4 20. Qxd4 Qxd4 21. Nxd4 Nh3+ 22. Kf1 Bc5 23. Bxf5 Ba6+ 24. Kg2 Nf4+ 25. Kg1 Bxd4 26. Bxc8 Bxb2 27. Bxa6 Bxc1 28. Rxc1 g5 1/2-1/2

[Event "Scarborough CC-ch"]
[Site "Toronto CAN"]
[Date "2011.03.10"]
[Round "3"]
[White "Manalo, Pepin"]
[Black "Nasirov, Ilyas"]
[Result "1-0"]
[WhiteElo "1762"]
[BlackElo "2142"]
[PlyCount "79"]
[GameId "2160767909795828"]
[EventDate "2011.02.24"]
[EventType "tourn"]
[EventRounds "9"]
[EventCountry "CAN"]
[SourceTitle "EXT 2022"]
[Source "ChessBase"]
[SourceDate "2021.10.06"]
[SourceVersion "1"]
[SourceVersionDate "2021.10.06"]
[SourceQuality "1"]

1. e4 e6 2. d3 d5 3. Nd2 Nf6 4. g3 dxe4 5. dxe4 Bc5 6. Qe2 Nc6 7. c3 e5 8. Nb3 Bb6 9. Bg5 h6 10. Bxf6 Qxf6 11. Nh3 O-O 12. Bg2 a5 13. O-O Qg6 14. Kh1 Be6 15. Nd2 Rad8 16. f4 Bg4 17. Nf3 f5 18. Qc4+ Kh8 19. Nxe5 Nxe5 20. fxe5 Bxh3 21. Bxh3 fxe4 22. e6 Qg5 23. Qxe4 Bc5 24. Rae1 Rf6 25. Rxf6 Qxf6 26. Rf1 Qg5 27. Qxb7 Bd6 28. Qe4 Re8 29. a4 Qh5 30. Bg4 Qg5 31. b4 axb4 32. cxb4 Qd2 33. b5 Qg5 34. Kg2 Be7 35. Rf2 Bf6 36. Rc2 h5 37. Be2 Rd8 38. h4 Qe5 39. Qxe5 Bxe5 40. Bxh5 1-0

[Event "Scarborough CC-ch"]
[Site "Toronto CAN"]
[Date "2011.03.10"]
[Round "3"]
[White "Moffat, Andrei"]
[Black "Hall, John2"]
[Result "1-0"]
[WhiteElo "2248"]
[BlackElo "2200"]
[PlyCount "53"]
[GameId "2160767909795829"]
[EventDate "2011.02.24"]
[EventType "tourn"]
[EventRounds "9"]
[EventCountry "CAN"]
[SourceTitle "EXT 2022"]
[Source "ChessBase"]
[SourceDate "2021.10.06"]
[SourceVersion "1"]
[SourceVersionDate "2021.10.06"]
[SourceQuality "1"]

1. e4 d6 2. d4 Nf6 3. Nc3 e5 4. dxe5 dxe5 5. Qxd8+ Kxd8 6. f4 Bb4 7. Bd3 Nc6 8. Nf3 Bg4 9. O-O Bxf3 10. gxf3 Bd6 11. fxe5 Bxe5 12. Be3 Bd4 13. Bxd4 Nxd4 14. Rad1 Ne6 15. Bb5+ Kc8 16. e5 a6 17. Bc4 Nd7 18. f4 Nb6 19. Bxe6+ fxe6 20. b3 Rd8 21. Ne4 Nd5 22. c4 Ne3 23. Rxd8+ Kxd8 24. Rf3 Nf5 25. Nc5 Ke7 26. Nxb7 Rd8 27. Nxd8 1-0

[Event "Scarborough CC-ch"]
[Site "Toronto CAN"]
[Date "2011.03.10"]
[Round "3"]
[White "Picana, Andrew"]
[Black "Guo, Joshua"]
[Result "0-1"]
[WhiteElo "2182"]
[BlackElo "2240"]
[PlyCount "116"]
[GameId "2160767909795830"]
[EventDate "2011.02.24"]
[EventType "tourn"]
[EventRounds "9"]
[EventCountry "CAN"]

1. e4 Nf6 2. e5 Nd5 3. d4 d6 4. Nf3 Bg4 5. Be2 Nc6 6. exd6 exd6 7. O-O Be7 8. c4 Nb6 9. b3 O-O 10. Bb2 Bf6 11. Nbd2 Re8 12. Re1 d5 13. c5 Nd7 14. Qc2 Nf8 15. a3 g6 16. Bb5 Rxe1+ 17. Rxe1 Bf5 18. Bd3 Bxd3 19. Qxd3 b6 20. cxb6 axb6 21. Nf1 Ne6 22. Ne3 Qd6 23. b4 Rd8 24. Ng4 Bg7 25. g3 h5 26. Nge5 Nxe5 27. dxe5 Qd7 28. Bc1 c5 29. Bg5 c4 30. Qc3 Rc8 31. Be3 b5 32. Bd4 Nxd4 33. Nxd4 Re8 34. f4 h4 35. Kg2 g5 36. Qf3 hxg3 37. hxg3 gxf4 38. gxf4 Rc8 39. Rd1 c3 40. Nc2 Qf5 41. Rd3 Bh6 42. Rxc3 Rxc3 43. Qxc3 Bxf4 44. Nd4 Qg4+ 45. Kf1 Bxe5 46. Qc5 Bxd4 47. Qxd5 Qg1+ 48. Ke2 Qe3+ 49. Kd1 Qd3+ 50. Ke1 Bc3+ 51. Kf2 Qxd5 52. a4 Bd4+ 53. Ke2 Qe4+ 54. Kd2 Qe3+ 55. Kc2 Qe2+ 56. Kc1 Bb2+ 57. Kb1 Ba3 58. axb5 Qb2# 0-1

[Event "Scarborough CC-ch"]
[Site "Toronto CAN"]
[Date "2011.03.10"]
[Round "3"]
[White "Southam, David"]
[Black "Casareno, Erwin"]
[Result "0-1"]
[WhiteElo "2102"]
[BlackElo "2165"]
[PlyCount "93"]
[GameId "2160767909795832"]
[EventDate "2011.02.24"]
[EventType "tourn"]
[EventRounds "9"]
[EventCountry "CAN"]
[SourceTitle "EXT 2022"]
[Source "ChessBase"]
[SourceDate "2021.10.06"]
[SourceVersion "1"]
[SourceVersionDate "2021.10.06"]
[SourceQuality "1"]

1. Nf3 d5 2. c4 d4 3. b4 Bg4 4. d3 Bxf3 5. exf3 e5 6. a3 a5 7. b5 Bd6 8. g3 Qe7 9. Bg2 Nd7 10. O-O Nc5 11. f4 O-O-O 12. fxe5 Qxe5 13. Nd2 Nf6 14. Nb3 Nxb3 15. Qxb3 Nd7 16. Bd2 Nc5 17. Qd1 Nxd3 18. Bxb7+ Kxb7 19. Qf3+ Kb6 20. Qxd3 Qf6 21. c5+ Bxc5 22. Rfc1 Rd5 23. Rc4 Qf5 24. Qb3 d3 25. Bxa5+ Kb7 26. Rf4 Qd7 27. Rd1 Re8 28. Bb4 Bb6 29. a4 d2 30. Qf3 Re1+ 31. Rxe1 dxe1=Q+ 32. Bxe1 f5 33. Kg2 g5 34. Rc4 g4 35. Qe2 Rd3 36. Rf4 Qd5+ 37. f3 Re3 38. Qc2 Rxe1 39. Qc6+ Qxc6 40. bxc6+ Kxc6 41. fxg4 Re2+ 42. Kh3 fxg4+ 43. Rxg4 Bg1 44. Rh4 Rxh2+ 45. Kg4 Rxh4+ 46. Kxh4 h6 47. g4 0-1

[Event "Scarborough CC-ch"]
[Site "Toronto CAN"]
[Date "2011.03.17"]
[Round "4"]
[White "Casareno, Erwin"]
[Black "Picana, Andrew"]
[Result "0-1"]
[WhiteElo "2165"]
[BlackElo "2182"]
[PlyCount "142"]
[GameId "2160767909795833"]
[EventDate "2011.02.24"]
[EventType "tourn"]
[EventRounds "9"]
[EventCountry "CAN"]
[SourceTitle "EXT 2022"]
[Source "ChessBase"]
[SourceDate "2021.10.06"]
[SourceVersion "1"]
[SourceVersionDate "2021.10.06"]
[SourceQuality "1"]

1. d4 d5 2. c4 e6 3. Nc3 f5 4. Nf3 Nf6 5. Bg5 Be7 6. Qb3 c6 7. e3 O-O 8. Bd3 Kh8 9. h4 Ne4 10. Bxe7 Qxe7 11. h5 Nd7 12. h6 g6 13. Ne5 Nxe5 14. dxe5 Qg5 15. g3 Nc5 16. Qc2 Nd7 17. cxd5 exd5 18. e6 Nb6 19. Ne2 Bxe6 20. Nf4 Rae8 21. O-O-O Qf6 22. g4 Bc8 23. Rdg1 Re4 24. Bxe4 fxe4 25. g5 Qe5 26. Qc5 Re8 27. Qc3 Nc4 28. Qd4 Qxd4 29. exd4 Rf8 30. Rh4 Nd6 31. Ne2 Kg8 32. Rf4 Bf5 33. Rg3 Rc8 34. Kd2 a5 35. a4 Nc4+ 36. Kc3 b5 37. b3 b4+ 38. Kc2 Nd6 39. Kd2 Nf7 40. Rg1 Nd8 41. Ng3 Ne6 42. Nxf5 gxf5 43. Rxf5 Nxd4 44. Rf6 Nf3+ 45. Rxf3 exf3 46. Rg3 Rf8 47. Ke3 Rf5 48. g6 Rf6 49. gxh7+ Kxh7 50. Kd4 Kxh6 51. Kc5 Kh5 52. Kb6 d4 53. Kxa5 d3 54. Kxb4 d2 55. Rg1 Re6 56. Rd1 Re2 57. Kc3 Rxf2 58. Rxd2 Rf1 59. a5 Rc1+ 60. Kb2 Rc5 61. b4 Rf5 62. Rf2 Kg4 63. a6 Kg3 64. a7 Rf8 65. Rf1 Kg2 66. Ra1 f2 67. Kc3 Ra8 68. Kc4 Rxa7 69. Rd1 f1=Q+ 70. Rxf1 Kxf1 71. Kc5 Rb7 0-1

[Event "Scarborough CC-ch"]
[Site "Toronto CAN"]
[Date "2011.03.17"]
[Round "4"]
[White "Hall, John2"]
[Black "Southam, David"]
[Result "1-0"]
[WhiteElo "2200"]
[BlackElo "2102"]
[PlyCount "77"]
[GameId "2160767909795835"]
[EventDate "2011.02.24"]
[EventType "tourn"]
[EventRounds "9"]
[EventCountry "CAN"]
[SourceTitle "EXT 2022"]
[Source "ChessBase"]
[SourceDate "2021.10.06"]
[SourceVersion "1"]
[SourceVersionDate "2021.10.06"]
[SourceQuality "1"]

1. e4 g6 2. d4 Bg7 3. c4 d6 4. Nc3 Nc6 5. d5 Nd4 6. Be3 c5 7. Nge2 Qb6 8. Nxd4 cxd4 9. Na4 Qa5+ 10. Bd2 Qc7 11. Rc1 b6 12. Bd3 Nf6 13. O-O Ng4 14. Bf4 O-O 15. b4 Ne5 16. Bxe5 Bxe5 17. f4 Bg7 18. c5 bxc5 19. bxc5 dxc5 20. Nxc5 Qd8 21. Qa4 e5 22. dxe6 Bxe6 23. Nxe6 fxe6 24. Qc4 Qe7 25. f5 Bh6 26. Rb1 Be3+ 27. Kh1 Rae8 28. fxe6 Rxf1+ 29. Rxf1 Rf8 30. Rb1 Kh8 31. Qd5 Re8 32. Bc4 Rd8 33. Qe5+ Qg7 34. e7 Re8 35. Rb8 Qxe5 36. Rxe8+ Kg7 37. Rg8+ Kh6 38. e8=Q d3 39. Qxe5 1-0

[Event "Scarborough CC-ch"]
[Site "Toronto CAN"]
[Date "2011.03.17"]
[Round "4"]
[White "Nasirov, Ilyas"]
[Black "Moffat, Andrei"]
[Result "1-0"]
[WhiteElo "2142"]
[BlackElo "2248"]
[PlyCount "78"]
[GameId "2160767909795836"]
[EventDate "2011.02.24"]
[EventType "tourn"]
[EventRounds "9"]
[EventCountry "CAN"]
[SourceTitle "EXT 2022"]
[Source "ChessBase"]
[SourceDate "2021.10.06"]
[SourceVersion "1"]
[SourceVersionDate "2021.10.06"]
[SourceQuality "1"]

1. d4 d5 2. c4 e6 3. Nc3 Be7 4. Nf3 Nf6 5. Bg5 O-O 6. e3 Nbd7 7. Rc1 a6 8. cxd5 exd5 9. Bd3 c6 10. O-O Re8 11. h3 Nf8 12. Ne5 Ne4 13. Bxe7 Qxe7 14. Bxe4 dxe4 15. Nc4 Bf5 16. Qe2 Rad8 17. Rfd1 Qg5 18. Kh2 Ng6 19. Nd2 Rd6 20. g4 Nh4 21. Rg1 Bg6 22. Rg3 f5 23. gxf5 Qxf5 24. Ndxe4 Rxe4 25. Nxe4 Qxe4 26. Rg4 Qf3 27. Qxf3 Nxf3+ 28. Kg3 Nd2 29. f3 b5 30. b3 Nb1 31. Rg5 b4 32. Ra5 Nc3 33. Kf2 Bd3 34. a3 Rh6 35. e4 Rxh3 36. axb4 Nxe4+ 37. fxe4 Bxe4 38. Rxa6 Rxb3 39. Ra7 Rxb4 1-0

[Event "Scarborough CC-ch"]
[Site "Toronto CAN"]
[Date "2011.03.24"]
[Round "5"]
[White "Casareno, Erwin"]
[Black "Guo, Joshua"]
[Result "1/2-1/2"]
[WhiteElo "2165"]
[BlackElo "2240"]
[PlyCount "57"]
[GameId "2160767909795837"]
[EventDate "2011.02.24"]
[EventType "tourn"]
[EventRounds "9"]
[EventCountry "CAN"]

1. e4 Nf6 2. e5 Nd5 3. c4 Nb6 4. c5 Nd5 5. Nc3 e6 6. d4 Nxc3 7. bxc3 b6 8. Qf3 Nc6 9. Bb5 bxc5 10. Bxc6 dxc6 11. Qxc6+ Bd7 12. Qe4 cxd4 13. Qxd4 Bc6 14. Nf3 Qxd4 15. cxd4 Rb8 16. O-O Bd5 17. Be3 Be7 18. Rfc1 c6 19. a3 O-O 20. Nd2 f5 21. exf6 Bxf6 22. Nc4 c5 23. Ne5 cxd4 24. Bxd4 Rfc8 25. f4 a6 26. Rab1 Rxb1 27. Rxb1 Bxe5 28. Bxe5 Rc2 29. Rb2 1/2-1/2

[Event "Scarborough CC-ch"]
[Site "Toronto CAN"]
[Date "2011.03.24"]
[Round "5"]
[White "Southam, David"]
[Black "Nasirov, Ilyas"]
[Result "1-0"]
[WhiteElo "2102"]
[BlackElo "2142"]
[PlyCount "79"]
[GameId "2160767909795839"]
[EventDate "2011.02.24"]
[EventType "tourn"]
[EventRounds "9"]
[EventCountry "CAN"]
[SourceTitle "EXT 2022"]
[Source "ChessBase"]
[SourceDate "2021.10.06"]
[SourceVersion "1"]
[SourceVersionDate "2021.10.06"]
[SourceQuality "1"]

1. d4 d5 2. c4 e6 3. Nf3 Nf6 4. g3 Be7 5. Bg2 O-O 6. O-O c6 7. Nbd2 Nbd7 8. b3 b6 9. Bb2 Bb7 10. Rc1 c5 11. e3 dxc4 12. Nxc4 cxd4 13. Bxd4 Bc5 14. Qe2 Bxd4 15. Nxd4 Bxg2 16. Kxg2 Rc8 17. Rfd1 Qe7 18. Qf3 Nd5 19. Rd2 Qf6 20. a3 Qxf3+ 21. Kxf3 a6 22. Rdc2 b5 23. Nd6 Rxc2 24. Rxc2 h5 25. h3 Rd8 26. Nc6 Rf8 27. e4 N5f6 28. Ke3 e5 29. f4 exf4+ 30. gxf4 g6 31. e5 Nd5+ 32. Ke4 N5b6 33. Ne7+ Kg7 34. Rc7 Rd8 35. Nd5 Nxd5 36. Kxd5 Kg8 37. Kc6 Nf8 38. Nxf7 Ne6 39. Nxd8 Nxd8+ 40. Kd6 1-0

[Event "Scarborough CC-ch"]
[Site "Toronto CAN"]
[Date "2011.03.31"]
[Round "5"]
[White "Guo, Joshua"]
[Black "Manalo, Pepin"]
[Result "1-0"]
[WhiteElo "2240"]
[BlackElo "1762"]
[PlyCount "63"]
[GameId "2160767909795840"]
[EventDate "2011.02.24"]
[EventType "tourn"]
[EventRounds "9"]
[EventCountry "CAN"]

1. e4 c5 2. c3 Nc6 3. d4 cxd4 4. cxd4 e5 5. dxe5 Qa5+ 6. Nc3 Bb4 7. Bd2 Qxe5 8. Nf3 Qb8 9. Bd3 Nf6 10. Nd5 Bxd2+ 11. Qxd2 Qd6 12. O-O O-O 13. Rfe1 Nxd5 14. exd5 Ne7 15. Qg5 f6 16. Qh4 g6 17. Qh6 Rf7 18. h4 b6 19. h5 Rg7 20. hxg6 hxg6 21. Re4 Rh7 22. Qe3 Bb7 23. Re1 Re8 24. Bc4 Kf8 25. Bb3 a6 26. g3 Rc8 27. Nh4 f5 28. Rxe7 Rxe7 29. Qxe7+ Qxe7 30. Nxg6+ Kf7 31. Nxe7 Rh8 32. Nxf5 1-0

[Event "Scarborough CC-ch"]
[Site "Toronto CAN"]
[Date "2011.03.31"]
[Round "5"]
[White "Hall, John2"]
[Black "Casareno, Erwin"]
[Result "1/2-1/2"]
[WhiteElo "2200"]
[BlackElo "2165"]
[PlyCount "85"]
[GameId "2160767909795841"]
[EventDate "2011.02.24"]
[EventType "tourn"]
[EventRounds "9"]
[EventCountry "CAN"]
[SourceTitle "EXT 2022"]
[Source "ChessBase"]
[SourceDate "2021.10.06"]
[SourceVersion "1"]
[SourceVersionDate "2021.10.06"]
[SourceQuality "1"]

1. d4 c5 2. d5 e5 3. c4 f5 4. Nc3 Nf6 5. g3 d6 6. Bg2 Be7 7. e4 fxe4 8. Nxe4 Bf5 9. Nxf6+ Bxf6 10. Ne2 Na6 11. Nc3 O-O 12. O-O Qd7 13. Ne4 Rae8 14. Bd2 Be7 15. a3 b5 16. cxb5 Qxb5 17. b4 Qd3 18. Re1 Kh8 19. bxc5 Nxc5 20. Nxc5 dxc5 21. Be3 e4 22. Bf1 Qc3 23. Qa4 Qe5 24. Qxa7 Qxd5 25. Red1 Qa8 26. Qxa8 Rxa8 27. a4 Rfc8 28. Bc4 Bf6 29. Ra2 h6 30. a5 Bg4 31. Rc1 Bd4 32. Bd5 Bxe3 33. fxe3 Ra7 34. a6 Bf3 35. Bb7 Rc7 36. Rac2 Rd7 37. Rxc5 Rd2 38. R5c2 Rd3 39. Kf2 Ra3 40. h3 Kh7 41. g4 R7xa6 42. Bxa6 Rxa6 43. Kg3 1/2-1/2

[Event "Scarborough CC-ch"]
[Site "Toronto CAN"]
[Date "2011.03.31"]
[Round "5"]
[White "Nasirov, Ilyas"]
[Black "Picana, Andrew"]
[Result "1/2-1/2"]
[WhiteElo "2142"]
[BlackElo "2182"]
[PlyCount "115"]
[GameId "2160767909795842"]
[EventDate "2011.02.24"]
[EventType "tourn"]
[EventRounds "9"]
[EventCountry "CAN"]
[SourceTitle "EXT 2022"]
[Source "ChessBase"]
[SourceDate "2021.10.06"]
[SourceVersion "1"]
[SourceVersionDate "2021.10.06"]
[SourceQuality "1"]

1. d4 Nf6 2. c4 g6 3. Nc3 Bg7 4. e4 d6 5. Nf3 O-O 6. Be2 e5 7. dxe5 dxe5 8. Qxd8 Rxd8 9. Bg5 Re8 10. h3 Nbd7 11. Nb5 Rf8 12. Nxc7 Rb8 13. O-O b6 14. Bd3 Bb7 15. Nd5 Nxd5 16. cxd5 Nc5 17. Bc2 Ba6 18. Rfd1 f6 19. b4 Nb7 20. Be3 Nd6 21. Nd2 Rfc8 22. Bb3 Rc3 23. Rac1 Rbc8 24. Rxc3 Rxc3 25. Nb1 Rc8 26. f3 Bf8 27. Rc1 Bc4 28. Bxc4 Rxc4 29. a3 f5 30. Rxc4 Nxc4 31. Bc1 fxe4 32. fxe4 Nd6 33. Nc3 b5 34. Kf2 a6 35. Kf3 Nc4 36. Ke2 Kf7 37. Kd3 Ke8 38. a4 Bxb4 39. axb5 axb5 40. Nxb5 Nb6 41. Bb2 Nd7 42. Nc7+ Ke7 43. Ne6 Bd6 44. Bc3 Nf6 45. Ba5 Kd7 46. Bd8 Ng8 47. Bg5 Bb4 48. Kc4 Bd6 49. Nc5+ Kc8 50. Kb5 Bxc5 51. Kxc5 Kd7 52. g4 h6 53. Bh4 g5 54. Bg3 Nf6 55. Bxe5 Nxe4+ 56. Kd4 Nf2 57. Bg7 Nxh3 58. Bxh6 1/2-1/2

[Event "Scarborough CC-ch"]
[Site "Toronto CAN"]
[Date "2011.03.31"]
[Round "5"]
[White "Pedersen, Rune"]
[Black "Southam, David"]
[Result "1-0"]
[WhiteElo "2303"]
[BlackElo "2102"]
[PlyCount "57"]
[GameId "2160767909795843"]
[EventDate "2011.02.24"]
[EventType "tourn"]
[EventRounds "9"]
[EventCountry "CAN"]
[SourceTitle "EXT 2022"]
[Source "ChessBase"]
[SourceDate "2021.10.06"]
[SourceVersion "1"]
[SourceVersionDate "2021.10.06"]
[SourceQuality "1"]

1. Nf3 g6 2. e4 Bg7 3. d4 c6 4. c4 d5 5. cxd5 cxd5 6. e5 Nc6 7. Nc3 Bg4 8. Be2 Bxf3 9. Bxf3 e6 10. Be3 Nge7 11. g4 O-O 12. O-O f6 13. exf6 Bxf6 14. Ne2 Qd7 15. Bg2 Rac8 16. f4 Rc7 17. Qd2 Rfc8 18. Rad1 Nd8 19. Nc3 Nf7 20. Qf2 Nd6 21. Rfe1 b5 22. f5 gxf5 23. Bf4 Rc6 24. Be5 Bxe5 25. dxe5 Ne8 26. gxf5 Nxf5 27. Rxd5 Qg7 28. Rxb5 Ne7 29. a4 1-0